Ciudadana̕ en una perspectiva global

Detalles Bibliográficos
Autor principal: Fernǹdez ℓlvarez, Antn̤ Lois
Otros Autores: Sur̀ez Blz̀quez, Guillermo, Luiz Hansen, Gilvan
Formato: eBook
Lenguaje:español
Publicado: Madrid: Dykinson, 2021
Materias:
Acceso en línea:Acceso restringido

MARC

LEADER 00000nam a22000007a 4500
005 20220520222558.0
007 cr|||| |||
008 220520s2021 ea |||||s|||| 00||0 spa d
020 |a 978-84-1377-699-6 
035 |a 35659 
040 |a vLex 
090 |c 13387  |d 13387 
100 1 |a Fernǹdez ℓlvarez, Antn̤ Lois 
245 1 0 |a Ciudadana̕ en una perspectiva global  |h [Recurso electrn̤ico] /  |c Antn̤ Lois Fernǹdez ℓlvarez, Guillermo Sur̀ez Blz̀quez, Gilvan Luiz Hansen 
256 |a Servicio en ln̕ea 
260 |a Madrid:  |b Dykinson,  |c 2021 
300 |a 1 recurso electrn̤ico 
506 1 |a Disponible solo en los productos indicados  |d vLex Global  |d vLex Global (Academic Edition, excluding Law Schools)  |d vLex Global (U.S. Academic Edition, Law Schools)  |d vLex Global (U.S. Academic Edition, excluding Law Schools)  |d vLex Global (Academic Edition, Law Schools) 
650 0 4 |a Derecho Militar  |z Espaą 
700 1 |a Sur̀ez Blz̀quez, Guillermo 
700 1 |a Luiz Hansen, Gilvan 
740 0 |a vLex Libros (Servicio en ln̕ea) 
856 4 0 |u https://app.vlex.com/#/sources/35659  |z Acceso restringido 
942 |c BOOK 
999 0 |a Military Law